Malaysian societies : Friendly or political ?
| Main Author: | |
|---|---|
| Format: | Book |
| Published: |
Petaling Jaya, Selangor :
Graduates Society ,
1984
|
| Subjects: |
MARC
| LEADER | 00000cam a2200000 7i4500 | ||
|---|---|---|---|
| 001 | 0000004175 | ||
| 005 | 20050627.0 | ||
| 040 | |a INS | ||
| 090 | 0 | 0 | |a k370. |b G87 1984 |
| 100 | 0 | |a GURMIT Singh, K. S. | |
| 245 | 0 | 0 | |a Malaysian societies : |b Friendly or political ? |c Gurmit Singh K. S. |
| 260 | |a Petaling Jaya, Selangor : |b Graduates Society , |c 1984 | ||
| 300 | |a 108p ; |c 21cm. | ||
| 650 | 0 | 0 | |a Sociological juris predence |
| 999 | |a 0000002653 |b BOOK |c Open Shelf |e Default branch | ||